[Event "DVM U20 2024"]
[Site "Breisach am Rhein GER"]
[Date "2024.12.27"]
[Round "1"]
[White "Englert, Luca"]
[Black "Kamp, Adrian"]
[Result "1-0"]
[Termination "normal"]
[Board "5.1"]
[WhiteTitle "FM"]
[WhiteElo "2305"]
[BlackElo "2152"]
[WhiteTeam "VfB Schach Leipzig"]
[BlackTeam "SK Münster 32"]
[PlyCount "57"]
[WhiteFideId "16293088"]
[BlackFideId "16222466"]
[EventCountry "GER"]
[EventRounds "7"]
[EventType "team-swiss"]
[EventDate "2024.12.26"]

1. e4 c5 2. Nf3 Nc6 3. Bb5 d6 4. O-O Bd7 5. Re1 a6 6. Bf1 Bg4 7. c3 Nf6 8. d4
cxd4 9. cxd4 e5 10. d5 Nb8 11. Qb3 Qc7 12. Be3 Nbd7 13. Rc1 Nc5 14. Qc2 Qd7 15.
Nfd2 Rc8 16. f3 Na4 17. Nc3 Nxc3 18. bxc3 Bh5 19. Qb3 Be7 20. Rab1 b5 21. c4
O-O 22. cxb5 Rxc1 23. Rxc1 Rb8 24. a4 axb5 25. Bxb5 Qb7 26. Rc6 Nd7 27. Nc4 f6
28. Qc3 Be8 29. Na5 1-0

[Event "DVM U20 2024"]
[Site "Breisach am Rhein GER"]
[Date "2024.12.27"]
[Round "1"]
[White "Weidemann, Jakob"]
[Black "Schön, Florian"]
[Result "1-0"]
[Termination "normal"]
[Board "5.2"]
[WhiteElo "2221"]
[BlackElo "1919"]
[WhiteTeam "SK Münster 32"]
[BlackTeam "VfB Schach Leipzig"]
[PlyCount "77"]
[WhiteFideId "16255470"]
[BlackFideId "16259394"]
[EventCountry "GER"]
[EventRounds "7"]
[EventType "team-swiss"]
[EventDate "2024.12.26"]

1. e4 e5 2. Nf3 Nc6 3. Bc4 Bc5 4. O-O Nf6 5. d3 a6 6. Bb3 Ba7 7. Nbd2 O-O 8. h3
d6 9. c3 h6 10. Re1 Nh5 11. Nf1 Qf6 12. Be3 Bxe3 13. fxe3 g6 14. Qe2 b5 15. Bd5
Bb7 16. Qf2 Qg7 17. a4 Nf6 18. Ba2 bxa4 19. Ng3 Nd7 20. Bb1 Nb6 21. Bc2 Nd8 22.
Bxa4 Nxa4 23. Rxa4 Ne6 24. d4 f5 25. exf5 gxf5 26. Nh4 Ng5 27. dxe5 dxe5 28.
Kh2 Qd7 29. Rb4 c5 30. Rb6 Qh7 31. Nhxf5 Be4 32. Rf1 Nf3+ 33. gxf3 Bxf5 34. Rg1
Kh8 35. Nxf5 Rxf5 36. Qh4 h5 37. Rgg6 Qd7 38. Rh6+ Kg7 39. Qg3+ 1-0

[Event "DVM U20 2024"]
[Site "Breisach am Rhein GER"]
[Date "2024.12.27"]
[Round "1"]
[White "Allmendinger, Anton Johannes"]
[Black "Schröder, Lennart"]
[Result "0-1"]
[Termination "normal"]
[Board "5.3"]
[WhiteElo "1743"]
[BlackElo "2127"]
[WhiteTeam "VfB Schach Leipzig"]
[BlackTeam "SK Münster 32"]
[PlyCount "114"]
[WhiteFideId "34676961"]
[BlackFideId "16222490"]
[EventCountry "GER"]
[EventRounds "7"]
[EventType "team-swiss"]
[EventDate "2024.12.26"]

1. e4 c5 2. c3 Nf6 3. e5 Nd5 4. d4 cxd4 5. Nf3 Nc6 6. Bc4 e6 7. cxd4 d6 8. O-O
Be7 9. Qe2 O-O 10. Rd1 b6 11. Qe4 Bb7 12. Qg4 dxe5 13. dxe5 Ne3 14. Rxd8 Nxg4
15. Rxa8 Rxa8 16. Bf4 Bc5 17. Bg3 Nd4 18. Nbd2 Nf5 19. h3 Nxg3 20. hxg4 Ne4 21.
Nxe4 Bxe4 22. Rd1 Bc6 23. Kf1 h6 24. a3 a5 25. Ke2 Rc8 26. Ba6 Rb8 27. Bc4 b5
28. Bd3 b4 29. axb4 Rxb4 30. Rd2 g6 31. Ba6 Be4 32. Bc8 g5 33. Bd7 Bd5 34. Rc2
Bb6 35. Kf1 Rxg4 36. Bc6 Rc4 37. Rxc4 Bxc4+ 38. Ke1 Ba6 39. b3 Bc7 40. g4 Kf8
41. Kd1 Ke7 42. Ba4 Bb7 43. Ke2 Bd5 44. Nd4 Bxe5 45. Nc6+ Kd6 46. Nxa5 Kc5 47.
Be8 f6 48. Nc4 Bc7 49. Bg6 Kb4 50. Bc2 Kc3 51. Bd1 Be4 52. Ne3 Bg6 53. Ke1 Bf4
54. Ke2 h5 55. gxh5 Bxh5+ 56. f3 f5 57. Kf2 Kd2 0-1

[Event "DVM U20 2024"]
[Site "Breisach am Rhein GER"]
[Date "2024.12.27"]
[Round "1"]
[White "Kvantaliani, Saba"]
[Black "Widmann, Maximilian"]
[Result "0-1"]
[Termination "normal"]
[Board "5.4"]
[WhiteElo "1964"]
[BlackElo "1771"]
[WhiteTeam "SK Münster 32"]
[BlackTeam "VfB Schach Leipzig"]
[PlyCount "96"]
[WhiteFideId "16284364"]
[BlackFideId "16281691"]
[EventCountry "GER"]
[EventRounds "7"]
[EventType "team-swiss"]
[EventDate "2024.12.26"]

1. e4 c6 2. d4 d5 3. e5 Bf5 4. g4 Be4 5. f3 Bg6 6. e6 fxe6 7. h4 Qc7 8. Ne2 Nd7
9. Nbc3 c5 10. Nf4 Bf7 11. a4 a6 12. dxc5 Qxc5 13. g5 g6 14. Bh3 Qd6 15. O-O
Bg7 16. Re1 Nf8 17. Kg2 h6 18. Bd2 hxg5 19. hxg5 e5 20. Nd3 Be6 21. Bxe6 Nxe6
22. Nf2 Nd4 23. Be3 e6 24. Ng4 Nf5 25. Bf2 Rh5 26. Ra3 Rxg5 27. Rb3 Qe7 28. Qd2
Ngh6 29. Kf1 Nxg4 30. fxg4 Rxg4 31. Nxd5 exd5 32. Qxd5 Rd8 33. Qf3 Rf4 34. Qg2
g5 35. Rxb7 Qc5 36. Kg1 Qxc2 37. Rxg7 Nxg7 38. Rxe5+ Kf7 39. Re7+ Kxe7 40.
Qxg5+ Rf6 41. Qxg7+ Ke6 42. Qg4+ Qf5 43. Qc4+ Kd7 44. Bg3 Qb1+ 45. Kg2 Qxb2+
46. Kg1 Qb6+ 47. Kh2 Rh8+ 48. Bh4 Rxh4+ 0-1

[Event "DVM U20 2024"]
[Site "Breisach am Rhein GER"]
[Date "2024.12.27"]
[Round "1"]
[White "John, Niklas"]
[Black "Wittig, Georg"]
[Result "1/2-1/2"]
[Termination "normal"]
[Board "5.6"]
[WhiteElo "1794"]
[BlackElo "1692"]
[WhiteTeam "SK Münster 32"]
[BlackTeam "VfB Schach Leipzig"]
[PlyCount "103"]
[WhiteFideId "16234626"]
[BlackFideId "16266366"]
[EventCountry "GER"]
[EventRounds "7"]
[EventType "team-swiss"]
[EventDate "2024.12.26"]

1. e4 c5 2. Nf3 d6 3. d4 cxd4 4. Nxd4 Nf6 5. Nc3 a6 6. h3 b5 7. g4 Bb7 8. Bg2
e6 9. a3 h6 10. O-O Qc7 11. f4 Nc6 12. Nxc6 Bxc6 13. Be3 Be7 14. Qe2 Rc8 15.
Rad1 Qb7 16. Bf2 e5 17. f5 Qa8 18. Rd2 Rc7 19. Rfd1 O-O 20. h4 Nd7 21. Kh2 Rb8
22. Rg1 b4 23. Nd5 Bxd5 24. exd5 bxa3 25. bxa3 Nc5 26. Bh1 Na4 27. g5 hxg5 28.
hxg5 Kf8 29. Rg3 Rc3 30. Qh5 Ke8 31. Qh4 Rxg3 32. Qxa4+ Kd8 33. Bxg3 Bxg5 34.
Bh4 Bxh4 35. Qxh4+ Kd7 36. Qa4+ Ke7 37. Rd3 Qa7 38. Qh4+ f6 39. Qg3 Rh8+ 40.
Kg2 Kf8 41. Rc3 Qb7 42. Rc6 Rh5 43. Qc3 Rg5+ 44. Kh3 Kg8 45. Bf3 Qb1 46. Rc8+
Kh7 47. Qc4 e4 48. Qxe4 Qf1+ 49. Bg2 Rh5+ 50. Kg3 Rg5+ 51. Kh3 Rxf5 52. Kg3
1/2-1/2

[Event "DVM U20 2024"]
[Site "Breisach am Rhein GER"]
[Date "2024.12.27"]
[Round "1"]
[White "Mankel, Luca"]
[Black "Gallas, Noel"]
[Result "1/2-1/2"]
[Termination "normal"]
[Board "6.1"]
[WhiteElo "1998"]
[BlackElo "2115"]
[WhiteTeam "TSG Oberschöneweide"]
[BlackTeam "SF Essen-Katernberg 04/32"]
[PlyCount "85"]
[WhiteFideId "16253876"]
[BlackFideId "16216059"]
[EventCountry "GER"]
[EventRounds "7"]
[EventType "team-swiss"]
[EventDate "2024.12.26"]

1. e4 e6 2. d4 d5 3. Nc3 Nf6 4. Bg5 Bb4 5. e5 h6 6. Bd2 Bxc3 7. bxc3 Ne4 8. Bc1
Nxc3 9. Qg4 g6 10. Ne2 Nxe2 11. Bxe2 c5 12. dxc5 Nd7 13. O-O Nxe5 14. Qg3 Nc6
15. Bb2 O-O 16. h4 d4 17. Rad1 Qf6 18. Bb5 e5 19. Rfe1 Qf4 20. Qxf4 exf4 21.
Bxc6 bxc6 22. Rxd4 Be6 23. a4 Rfd8 24. Rd6 Rdc8 25. Bf6 Rab8 26. Red1 Bd5 27.
c3 f3 28. g4 Re8 29. Kh2 Re4 30. Rd4 Ree8 31. g5 h5 32. Kg3 Rb1 33. R4xd5 cxd5
34. Rxd5 Ra1 35. c6 Rxa4 36. c7 Rc4 37. Rd8 Kf8 38. Be5 f5 39. gxf6 Kf7 40.
Rd7+ Ke6 41. Rd8 Kf7 42. Rd7+ Ke6 43. Rd8 1/2-1/2

[Event "DVM U20 2024"]
[Site "Breisach am Rhein GER"]
[Date "2024.12.27"]
[Round "1"]
[White "Jahrke, Jonas"]
[Black "Hommel, Niclas"]
[Result "0-1"]
[Termination "normal"]
[Board "6.2"]
[WhiteElo "1881"]
[BlackElo "2125"]
[WhiteTeam "SF Essen-Katernberg 04/32"]
[BlackTeam "TSG Oberschöneweide"]
[PlyCount "54"]
[WhiteFideId "12984353"]
[BlackFideId "12974927"]
[EventCountry "GER"]
[EventRounds "7"]
[EventType "team-swiss"]
[EventDate "2024.12.26"]

1. d4 Nf6 2. Nc3 d5 3. Bf4 g6 4. Qd2 Bg7 5. Nf3 O-O 6. h4 h5 7. Ne5 c5 8. e3
Nc6 9. O-O-O Ng4 10. Nxc6 bxc6 11. f3 e5 12. dxe5 Nxe5 13. e4 Qa5 14. exd5 cxd5
15. Bxe5 Bxe5 16. Qxd5 Bxc3 17. Qxa8 Qxa2 18. bxc3 Bf5 19. Qxf8+ Kxf8 20. Bd3
Bxd3 21. cxd3 a5 22. Rh2 a4 23. Rd2 Qa3+ 24. Kb1 Qb3+ 25. Kc1 Qxc3+ 26. Rc2
Qa1+ 27. Kd2 Qg1 0-1

[Event "DVM U20 2024"]
[Site "Breisach am Rhein GER"]
[Date "2024.12.27"]
[Round "1"]
[White "Mimkes, Pavel"]
[Black "Rasch, Lukas"]
[Result "1-0"]
[Termination "normal"]
[Board "6.3"]
[WhiteElo "1998"]
[BlackElo "1771"]
[WhiteTeam "TSG Oberschöneweide"]
[BlackTeam "SF Essen-Katernberg 04/32"]
[PlyCount "47"]
[WhiteFideId "12990833"]
[BlackFideId "16272072"]
[EventCountry "GER"]
[EventRounds "7"]
[EventType "team-swiss"]
[EventDate "2024.12.26"]

1. d4 e6 2. Nf3 c5 3. e3 Nf6 4. Bd3 Be7 5. O-O d5 6. b3 Nbd7 7. Bb2 Qc7 8. Nbd2
h6 9. Qe2 g5 10. e4 dxe4 11. Nxe4 Nd5 12. dxc5 Rg8 13. Bb5 Kf8 14. Rad1 Nxc5
15. Be5 Qb6 16. c4 Nxe4 17. Qxe4 Nf6 18. Qc2 g4 19. Bd4 Bc5 20. Bxf6 gxf3 21.
Qh7 Bxf2+ 22. Rxf2 Rxg2+ 23. Kh1 Rxh2+ 24. Rxh2 1-0

[Event "DVM U20 2024"]
[Site "Breisach am Rhein GER"]
[Date "2024.12.27"]
[Round "1"]
[White "Beetz, Ole"]
[Black "Nguyen, Phuc Nhat"]
[Result "1/2-1/2"]
[Termination "normal"]
[Board "6.4"]
[WhiteElo "1788"]
[BlackElo "2031"]
[WhiteTeam "SF Essen-Katernberg 04/32"]
[BlackTeam "TSG Oberschöneweide"]
[PlyCount "120"]
[WhiteFideId "34628339"]
[BlackFideId "16253590"]
[EventCountry "GER"]
[EventRounds "7"]
[EventType "team-swiss"]
[EventDate "2024.12.26"]

1. e4 e5 2. Nc3 Nc6 3. g3 Bc5 4. Bg2 d6 5. Na4 Nge7 6. h3 O-O 7. Ne2 f5 8. Nxc5
dxc5 9. d3 fxe4 10. Bxe4 Bf5 11. Be3 Bxe4 12. dxe4 Qxd1+ 13. Rxd1 Nd4 14. Rc1
Rad8 15. Nc3 c6 16. Kf1 b5 17. Kg2 Nc8 18. Nb1 Nd6 19. c3 Ne6 20. Nd2 Rd7 21.
Rhf1 g5 22. b3 a5 23. Nf3 Nf7 24. Rfd1 Rfd8 25. Rxd7 Rxd7 26. Kf1 Kg7 27. Ke2
Kf6 28. Rd1 Rxd1 29. Kxd1 Nd6 30. Nd2 b4 31. Kc2 Nb5 32. Nc4 Nxc3 33. Nxa5 Nxe4
34. Kd3 Nd6 35. Nxc6 Nd4 36. Nb8 e4+ 37. Kd2 Ke5 38. Bxd4+ Kxd4 39. Nc6+ Kd5
40. Ne7+ Ke6 41. Nc6 Nf5 42. Nd8+ Ke5 43. Nf7+ Kf6 44. Nd8 e3+ 45. Ke2 exf2 46.
Kxf2 Ke5 47. Nf7+ Kf6 48. Nd8 Ke5 49. Nf7+ Kd4 50. Nxg5 Kc3 51. Ne4+ Kb2 52.
Nxc5 Kxa2 53. Kf3 Nd4+ 54. Kg4 Nxb3 55. Na6 Ka3 56. Kh5 Nd4 57. Nxb4 Kxb4 58.
g4 Kc5 59. Kh6 Nf3 60. g5 Nxg5 1/2-1/2

[Event "DVM U20 2024"]
[Site "Breisach am Rhein GER"]
[Date "2024.12.27"]
[Round "1"]
[White "Kilic, Hasan"]
[Black "Becker, Samuel"]
[Result "1-0"]
[Termination "normal"]
[Board "6.5"]
[WhiteElo "1741"]
[BlackElo "1751"]
[WhiteTeam "TSG Oberschöneweide"]
[BlackTeam "SF Essen-Katernberg 04/32"]
[PlyCount "115"]
[WhiteFideId "34613404"]
[BlackFideId "16271653"]
[EventCountry "GER"]
[EventRounds "7"]
[EventType "team-swiss"]
[EventDate "2024.12.26"]

1. d4 Nf6 2. Nf3 e6 3. e3 c5 4. Bd3 cxd4 5. exd4 Be7 6. O-O d5 7. Nbd2 a6 8. b3
Nc6 9. a3 O-O 10. Bb2 Qc7 11. Ne5 Bd6 12. f4 Qb6 13. Ndf3 h6 14. Qe2 Nh5 15. g3
Nf6 16. Kh1 Nd7 17. Rad1 Ndxe5 18. Nxe5 Nxe5 19. fxe5 Be7 20. Qh5 Bg5 21. h4
Bd8 22. Bc1 Qc7 23. Bxh6 f5 24. exf6 Bxf6 25. Qg6 Rf7 26. Qh7+ Kf8 27. Bxg7+
Bxg7 28. Rxf7+ Qxf7 29. Rf1 Bf6 30. Qh6+ Ke7 31. Bg6 Qf8 32. Qh7+ Kd6 33. c4
Qg7 34. c5+ Kc6 35. Qxg7 Bxg7 36. Be8+ Kc7 37. Rf7+ Kd8 38. Rxg7 Kxe8 39. h5
Kf8 40. h6 Rb8 41. g4 e5 42. dxe5 Be6 43. Kg2 d4 44. Kf3 Bxb3 45. Ke4 Be6 46.
Kxd4 Rd8+ 47. Ke4 Rd7 48. Rxd7 Bxd7 49. g5 Kf7 50. Kd5 Bf5 51. Kd6 Be4 52. e6+
Kf8 53. Ke5 Bc6 54. Kf6 Kg8 55. Ke7 Bd5 56. Kd7 Bc6+ 57. Kd8 Kf8 58. e7+ 1-0

[Event "DVM U20 2024"]
[Site "Breisach am Rhein GER"]
[Date "2024.12.27"]
[Round "1"]
[White "Springmann, Simon"]
[Black "Stettner, Oskar"]
[Result "1-0"]
[Termination "normal"]
[Board "6.6"]
[WhiteElo "1464"]
[BlackElo "1752"]
[WhiteTeam "SF Essen-Katernberg 04/32"]
[BlackTeam "TSG Oberschöneweide"]
[PlyCount "110"]
[WhiteFideId "533025096"]
[BlackFideId "34617035"]
[EventCountry "GER"]
[EventRounds "7"]
[EventType "team-swiss"]
[EventDate "2024.12.26"]

1. e4 c6 2. d4 d5 3. Nd2 dxe4 4. Nxe4 Nd7 5. Ng5 Ndf6 6. Bc4 e6 7. c3 h6 8.
N5f3 Bd6 9. Ne2 Qc7 10. Be3 Ne7 11. Qd2 Ned5 12. Bd3 b6 13. a3 Bb7 14. Bc2 Nxe3
15. Qxe3 c5 16. Ba4+ Bc6 17. Bxc6+ Qxc6 18. O-O O-O 19. dxc5 Bxc5 20. Ned4 Qe4
21. Rae1 Qxe3 22. Rxe3 Rac8 23. Rc1 Rfd8 24. Ree1 Nd5 25. Rc2 Nf4 26. Rd1 e5
27. Nxe5 Bxd4 28. Rcd2 Bxe5 29. Rxd8+ Rxd8 30. Rxd8+ Kh7 31. g3 Bf6 32. Rd7
Ne2+ 33. Kf1 Nc1 34. Ke1 Nb3 35. Rxa7 Nc5 36. Ke2 Kg6 37. b4 Ne4 38. c4 Nd6 39.
Kd3 Kf5 40. Rc7 Ne4 41. f3 Ng5 42. c5 bxc5 43. Rxc5+ Ke6 44. Kc4 Kd6 45. Kb5
Ne6 46. Rc6+ Kd7 47. Rc4 Bd8 48. Ka4 Bb6 49. Kb3 Nc7 50. a4 Kc8 51. a5 Bf2 52.
a6 Kb8 53. b5 Bb6 54. Rc3 Ka7 55. Kc4 g6 1-0

[Event "DVM U20 2024"]
[Site "Breisach am Rhein GER"]
[Date "2024.12.27"]
[Round "1"]
[White "Neves, Carlos"]
[Black "Nguyen, Alex Dac-Vuong"]
[Result "1/2-1/2"]
[Termination "normal"]
[Board "7.1"]
[BlackTitle "IM"]
[WhiteElo "1879"]
[BlackElo "2360"]
[WhiteTeam "OSG Baden-Baden"]
[BlackTeam "SG Leipzig"]
[PlyCount "70"]
[WhiteFideId "16258320"]
[BlackFideId "12984388"]
[EventCountry "GER"]
[EventRounds "7"]
[EventType "team-swiss"]
[EventDate "2024.12.26"]

1. d4 Nf6 2. c4 e6 3. g3 Bb4+ 4. Bd2 Be7 5. Bg2 d5 6. Nf3 O-O 7. O-O c6 8. Qc2
Nbd7 9. Rd1 a5 10. Bf4 h6 11. Ne5 a4 12. Nc3 Qa5 13. e4 a3 14. Nxd7 Bxd7 15. e5
axb2 16. Qxb2 Ba3 17. Qc2 Nh7 18. Bf1 Rfb8 19. Bd3 Nf8 20. Rdb1 dxc4 21. Bxc4
Ng6 22. Bd2 Qd8 23. Ne4 Be8 24. Be3 Ne7 25. Qd2 Nf5 26. Rd1 Qa5 27. Qe2 Rd8 28.
Rab1 b5 29. Bb3 Qa7 30. Qg4 Kf8 31. Nf6 c5 32. Nh7+ Kg8 33. Nf6+ Kf8 34. Nh7+
Kg8 35. Nf6+ Kf8 1/2-1/2

[Event "DVM U20 2024"]
[Site "Breisach am Rhein GER"]
[Date "2024.12.27"]
[Round "1"]
[White "Haufe, Laurin"]
[Black "Uhlmann, Jonas"]
[Result "0-1"]
[Termination "normal"]
[Board "7.2"]
[WhiteElo "2170"]
[BlackElo "1850"]
[WhiteTeam "SG Leipzig"]
[BlackTeam "OSG Baden-Baden"]
[PlyCount "58"]
[WhiteFideId "12976504"]
[BlackFideId "16258576"]
[EventCountry "GER"]
[EventRounds "7"]
[EventType "team-swiss"]
[EventDate "2024.12.26"]

1. e4 c5 2. Nf3 Nc6 3. d4 cxd4 4. Nxd4 e5 5. Nb5 a6 6. Nd6+ Bxd6 7. Qxd6 Qf6 8.
Qd3 Qg6 9. c4 b5 10. cxb5 axb5 11. Nc3 Nf6 12. Qg3 Qxg3 13. hxg3 b4 14. Nb5 O-O
15. Be3 b3 16. a3 Nb4 17. O-O-O Nxe4 18. Rh4 d5 19. f3 Nc2 20. Bg1 Nxg3 21. Nc7
Rb8 22. Nxd5 Nxf1 23. Rxf1 h6 24. Bc5 Ba6 25. Rfh1 Rfc8 26. Ne7+ Kh7 27. Nxc8
Rxc8 28. Bd6 Ne3+ 29. Kd2 Rc2+ 0-1

[Event "DVM U20 2024"]
[Site "Breisach am Rhein GER"]
[Date "2024.12.27"]
[Round "1"]
[White "Yin, Vito"]
[Black "Herrmann, Arthur"]
[Result "0-1"]
[Termination "normal"]
[Board "7.3"]
[WhiteElo "1845"]
[BlackElo "1992"]
[WhiteTeam "OSG Baden-Baden"]
[BlackTeam "SG Leipzig"]
[PlyCount "58"]
[WhiteFideId "34601759"]
[BlackFideId "16287150"]
[EventCountry "GER"]
[EventRounds "7"]
[EventType "team-swiss"]
[EventDate "2024.12.26"]

1. c4 c5 2. Nc3 Nf6 3. g3 d5 4. cxd5 Nxd5 5. Bg2 Nc7 6. d3 e5 7. Nf3 Nc6 8. a4
Be7 9. O-O Be6 10. Nd2 Qd7 11. b3 O-O 12. Rb1 Rac8 13. Nc4 f6 14. Qe1 b6 15. f4
exf4 16. Bxf4 Nd4 17. Qd2 Rfd8 18. Rfd1 Kh8 19. Ne4 Nd5 20. Bd6 f5 21. Bxe7
Qxe7 22. e3 fxe4 23. exd4 cxd4 24. Bxe4 Nc3 25. Rb2 Nxd1 26. Qxd1 Qg5 27. Qe1
Bh3 28. Rf2 Rf8 29. Bb7 Rxf2 0-1

[Event "DVM U20 2024"]
[Site "Breisach am Rhein GER"]
[Date "2024.12.27"]
[Round "1"]
[White "Schäfer, Konstantin"]
[Black "Bossert, Moritz"]
[Result "1-0"]
[Termination "normal"]
[Board "7.4"]
[WhiteElo "1869"]
[BlackElo "1744"]
[WhiteTeam "SG Leipzig"]
[BlackTeam "OSG Baden-Baden"]
[PlyCount "57"]
[WhiteFideId "16240510"]
[BlackFideId "16239946"]
[EventCountry "GER"]
[EventRounds "7"]
[EventType "team-swiss"]
[EventDate "2024.12.26"]

1. e4 c5 2. Nf3 d6 3. d4 cxd4 4. Nxd4 Nf6 5. f3 a6 6. c4 e5 7. Nc2 Be6 8. Be3
Qc7 9. b3 Be7 10. Qd2 O-O 11. Nc3 Rc8 12. Nb4 b5 13. Ncd5 Bxd5 14. Nxd5 Nxd5
15. Qxd5 Nd7 16. Qd2 bxc4 17. Bxc4 Nb6 18. Be2 a5 19. O-O Rd8 20. Rac1 Qb7 21.
Bb5 Qa7 22. Qf2 Rdb8 23. Bc6 Qa6 24. Bxa8 Nxa8 25. Rc2 Nb6 26. Rc6 Bd8 27. Rfc1
Qb5 28. Bxb6 Bxb6 29. Rxb6 1-0

[Event "DVM U20 2024"]
[Site "Breisach am Rhein GER"]
[Date "2024.12.27"]
[Round "1"]
[White "Stankovic, David"]
[Black "Nguyen, Jenny Ha-Linh"]
[Result "0-1"]
[Termination "normal"]
[Board "7.5"]
[WhiteElo "1677"]
[BlackElo "1815"]
[WhiteTeam "OSG Baden-Baden"]
[BlackTeam "SG Leipzig"]
[PlyCount "62"]
[WhiteFideId "16240685"]
[BlackFideId "16209729"]
[EventCountry "GER"]
[EventRounds "7"]
[EventType "team-swiss"]
[EventDate "2024.12.26"]

1. e4 e6 2. d4 d5 3. exd5 exd5 4. Nf3 Bd6 5. Bd3 Ne7 6. O-O O-O 7. Bxh7+ Kxh7
8. Ng5+ Kg8 9. Qh5 Bf5 10. f4 f6 11. Nf3 Qe8 12. Qh4 Qg6 13. Nc3 c6 14. h3 Bxc2
15. Qe1 Be4 16. Nxe4 Qxe4 17. Qc3 Nd7 18. Re1 Qg6 19. Re6 Nf5 20. Qd3 Bc7 21.
g4 Nh4 22. f5 Nxf3+ 23. Qxf3 Qf7 24. Bf4 Bxf4 25. Qxf4 Rfe8 26. Rae1 Nf8 27.
Qd6 Nxe6 28. fxe6 Qe7 29. Qf4 Rad8 30. Qf5 Rd6 31. g5 fxg5 0-1

[Event "DVM U20 2024"]
[Site "Breisach am Rhein GER"]
[Date "2024.12.27"]
[Round "1"]
[White "Zinke, Mirko"]
[Black "Baihaghi, Arash"]
[Result "0-1"]
[Termination "normal"]
[Board "7.6"]
[WhiteElo "1791"]
[BlackElo "1693"]
[WhiteTeam "SG Leipzig"]
[BlackTeam "OSG Baden-Baden"]
[PlyCount "76"]
[WhiteFideId "16240600"]
[BlackFideId "34604979"]
[EventCountry "GER"]
[EventRounds "7"]
[EventType "team-swiss"]
[EventDate "2024.12.26"]

1. Nf3 Nf6 2. c4 Nc6 3. Nc3 e5 4. d3 d6 5. g3 Be7 6. Bg2 Bf5 7. O-O Qd7 8. a3
O-O 9. b4 a6 10. Bb2 Bh3 11. d4 exd4 12. Nxd4 Bxg2 13. Kxg2 Nxd4 14. Qxd4 Ng4
15. Nd5 Bf6 16. Nxf6+ Nxf6 17. Qd3 Qc6+ 18. Kg1 Nd7 19. Qd4 Nf6 20. Qd3 Nd5 21.
b5 axb5 22. cxb5 Qe8 23. Qd4 Nf6 24. Qc4 Ne4 25. Qd4 f6 26. Qd5+ Rf7 27. Qxb7
Rb8 28. Qa6 Nc5 29. Qa5 Nb3 30. Qa4 Nxa1 31. Bxa1 Qxb5 32. Qc2 Qb3 33. Qc1 Qa2
34. Rd1 Qxe2 35. Rd2 Qe4 36. Rc2 Rd7 37. Bc3 c5 38. Rd2 Rb1 0-1

[Event "DVM U20 2024"]
[Site "Breisach am Rhein GER"]
[Date "2024.12.27"]
[Round "1"]
[White "Koll, Linus"]
[Black "Helmbrecht, Paul"]
[Result "0-1"]
[Termination "normal"]
[Board "8.1"]
[WhiteElo "2041"]
[BlackElo "1988"]
[WhiteTeam "Karlsruher SF 1853"]
[BlackTeam "FC Ergolding 1932"]
[PlyCount "86"]
[WhiteFideId "12990299"]
[BlackFideId "16270932"]
[EventCountry "GER"]
[EventRounds "7"]
[EventType "team-swiss"]
[EventDate "2024.12.26"]

1. e4 e5 2. Nf3 Nf6 3. Nxe5 d6 4. Nf3 Nxe4 5. Nc3 Nxc3 6. dxc3 Be7 7. Be3 Nc6
8. Qd2 O-O 9. O-O-O Be6 10. Ng5 Ne5 11. Nxe6 fxe6 12. Be2 b5 13. Bxb5 Ng4 14.
Rdf1 Nxe3 15. Qxe3 e5 16. Qe4 Rf4 17. Qd5+ Kh8 18. g3 Rf8 19. h4 Qc8 20. f3 Rb8
21. Bd3 Qb7 22. Qxb7 Rxb7 23. Be4 Rb6 24. Rh2 Rd8 25. c4 Kg8 26. b3 h6 27. Rd2
Bf6 28. Rfd1 c5 29. Kb2 Kf8 30. Kc3 Ke7 31. Kd3 Rf8 32. Rf2 Rbb8 33. Rdf1 g5
34. hxg5 Bxg5 35. f4 Bf6 36. Bd5 Rbe8 37. Rh2 exf4 38. gxf4 Be5 39. Rxh6 Rxf4
40. Rh7+ Kf6 41. Rg1 Rd4+ 42. Ke2 Bh2+ 43. Kf2 Rd2+ 0-1

[Event "DVM U20 2024"]
[Site "Breisach am Rhein GER"]
[Date "2024.12.27"]
[Round "1"]
[White "Lichtinger, Simon"]
[Black "Gülsen, Sinan Yilmaz"]
[Result "1/2-1/2"]
[Termination "normal"]
[Board "8.2"]
[WhiteElo "1909"]
[BlackElo "1862"]
[WhiteTeam "FC Ergolding 1932"]
[BlackTeam "Karlsruher SF 1853"]
[PlyCount "109"]
[WhiteFideId "16230442"]
[BlackFideId "34606017"]
[EventCountry "GER"]
[EventRounds "7"]
[EventType "team-swiss"]
[EventDate "2024.12.26"]

1. e4 c5 2. Nf3 d6 3. d4 cxd4 4. Nxd4 Nf6 5. Nc3 a6 6. h3 e5 7. Nf3 Be7 8. g4
Be6 9. g5 Nfd7 10. Be3 Nb6 11. h4 N8d7 12. h5 Qc7 13. Nh4 Qc6 14. Qd2 Na4 15.
Nxa4 Qxe4 16. Bg2 Qxa4 17. b3 Qa3 18. Bxb7 Rb8 19. Bf3 Rc8 20. c4 d5 21. Qe2
dxc4 22. O-O c3 23. Bb7 Rc7 24. Bxa6 Qb4 25. f4 f6 26. Qb5 Qe4 27. Bb6 Rc5 28.
Bxc5 Bxc5+ 29. Kh2 Qc2+ 30. Qe2 Qxe2+ 31. Bxe2 exf4 32. Nf3 Ne5 33. Rac1 Nxf3+
34. Rxf3 Bd4 35. gxf6 g5 36. Rfxc3 Bxc3 37. Rxc3 Kf7 38. Bc4 Kxf6 39. Bxe6 Kxe6
40. Kh3 Kf5 41. Rc5+ Ke4 42. Rxg5 Rd8 43. Rg7 h6 44. Kg4 Ke5 45. Re7+ Kd6 46.
Re2 Rg8+ 47. Kxf4 Rg5 48. Rh2 Kc5 49. Re2 Kd5 50. Rd2+ Kc5 51. Rc2+ Kd4 52. b4
Rxh5 53. a4 Kd3 54. Rb2 Kc3 55. Rb1 1/2-1/2

[Event "DVM U20 2024"]
[Site "Breisach am Rhein GER"]
[Date "2024.12.27"]
[Round "1"]
[White "Scheinmaier, Mark"]
[Black "Klein, Maxim"]
[Result "1-0"]
[Termination "normal"]
[Board "8.3"]
[WhiteElo "1881"]
[BlackElo "1701"]
[WhiteTeam "Karlsruher SF 1853"]
[BlackTeam "FC Ergolding 1932"]
[PlyCount "55"]
[WhiteFideId "16238958"]
[BlackFideId "16281632"]
[EventCountry "GER"]
[EventRounds "7"]
[EventType "team-swiss"]
[EventDate "2024.12.26"]

1. e4 c6 2. Nf3 d5 3. d3 Bg4 4. Be2 e6 5. h3 Bxf3 6. Bxf3 Bd6 7. Qe2 dxe4 8.
dxe4 Nd7 9. O-O Ne5 10. Rd1 Nxf3+ 11. Qxf3 Qc7 12. Nd2 O-O-O 13. Nc4 Nf6 14.
Bg5 Be5 15. Qe3 b6 16. f4 Bd6 17. Nxd6+ Rxd6 18. Qc3 Ne8 19. Qf3 Rxd1+ 20. Rxd1
f6 21. Bh4 e5 22. Qg4+ Kb8 23. Rd7 h5 24. Qe6 Qc8 25. fxe5 Nc7 26. Qxc6 fxe5
27. Bg3 Re8 28. Rxc7 1-0

[Event "DVM U20 2024"]
[Site "Breisach am Rhein GER"]
[Date "2024.12.27"]
[Round "1"]
[White "Lohr, Alexander"]
[Black "Haug, Mara"]
[Result "1/2-1/2"]
[Termination "normal"]
[Board "8.4"]
[WhiteElo "1612"]
[BlackElo "1948"]
[WhiteTeam "FC Ergolding 1932"]
[BlackTeam "Karlsruher SF 1853"]
[PlyCount "86"]
[WhiteFideId "16297865"]
[BlackFideId "16259300"]
[EventCountry "GER"]
[EventRounds "7"]
[EventType "team-swiss"]
[EventDate "2024.12.26"]

1. e4 c5 2. Nf3 Nc6 3. Bb5 g6 4. Bxc6 dxc6 5. h3 Bg7 6. d3 Nh6 7. O-O f6 8. Nc3
e5 9. Be3 b6 10. Qd2 Nf7 11. a4 a5 12. Rad1 O-O 13. Nh2 g5 14. Rfe1 Be6 15. Ne2
Ra7 16. Ng3 Nd6 17. b3 Rd7 18. Qe2 Nc8 19. Qf3 Ne7 20. Nh5 Ng6 21. Ng3 Nh4 22.
Qe2 Rdf7 23. Nf3 Ng6 24. Nf5 Qd7 25. g4 Rb8 26. Rb1 Bf8 27. Kg2 Ne7 28. Rh1
Bxf5 29. gxf5 Rg7 30. Rbg1 Nc8 31. h4 g4 32. Nh2 Kh8 33. Kf1 h5 34. Bh6 Rg8 35.
Bxf8 Rxf8 36. f3 gxf3 37. Qxf3 Qh7 38. Rg2 Ne7 39. Rhg1 Rg8 40. Rxg8+ Rxg8 41.
Rxg8+ Kxg8 42. Kf2 Qh6 43. Nf1 Nc8 1/2-1/2